000 01203nam0a22002651 4500
001 rc\37777
005 20260406121045.0
010 _a5-02-007302-4
_91000
035 _a(NLR Aleph) 005320621
090 _a6484322
_c6484322
100 _a20021216d1991 |||y0rusy50 ca
101 0 _arus
102 _aRU
105 _ay |||||||||
200 1 _aБиблиография сочинений академика В.И. Вернадского
_e(Справочник)
_fАН СССР. Комис. по разраб. науч. наследия акад. В.И. Вернадского
_gСост. Ф.Т. Яншина, С.Н. Жидовинов
210 _aМ.
_cНаука
_d1991
215 _a36, [3] с.
_d22
600 1 _aВернадский
_bВ.И.
_gВладимир Иванович
_2psbo
702 1 _4220
_7ca
_8rus
_aЯншина
_bФ. Т.
_f1933-2011
_gФидан Тауфиковна
_9185157
_3RU\NLR\AUTH\770185208
712 0 2 _aАН СССР
_bКомиссия по разработке научного наследия В. И. Вернадского
_3RU\NLR\AUTH\8813591
_9300216
801 0 _aRU
_bNLR
_gpsbo
801 1 _aRU
_bELAR
_2rusmarc
852 _aNLR
_bС
_jК-2/5283
942 _cBOOK
980 _aNB